El bastardo real (Record no. 188624)

MARC details
000 -LEADER
campo de control de longitud fija 01076nam a2200277 i 4500
001 - NÚMERO DE CONTROL
campo de control 188624
003 - IDENTIFICADOR DE NÚMERO DE CONTROL
campo de control SpMaBN
005 - FECHA Y HORA DE LA ÚLTIMA TRANSACCIÓN
campo de control 20251114135829.0
008 - DATOS DE LONGITUD FIJA--INFORMACIÓN GENERAL
campo de control de longitud fija 190114s2002 sp fo |||| |aspa d
020 ## - NÚMERO INTERNACIONAL ESTÁNDAR DEL LIBRO
Número Internacional Estándar del Libro 84-9734-060-4
080 ## - NÚMERO DE LA CLASIFICACIÓN DECIMAL UNIVERSAL
Número de la Clasificación Decimal Universal 929 Ruiz Moragas, Leandro Alfonso
100 1# - ENTRADA PRINCIPAL--NOMBRE DE PERSONA
Nombre de persona Borbón Ruiz, Leandro de,
Fechas asociadas al nombre 1929-2016
9 (RLIN) 165952
245 13 - MENCIÓN DEL TÍTULO
Título El bastardo real
Resto del título : memorias del hijo no reconocido de Alfonso XIII /
Mención de responsabilidad, etc. Leandro Alfonso Ruiz Moragas ; edición de José María Solé ; prólogo de Jaime Peñafiel.
250 ## - MENCION DE EDICION
Mención de edición 5ª ed.
260 ## - PUBLICACIÓN, DISTRIBUCIÓN, ETC.
Lugar de publicación, distribución, etc. Madrid :
Nombre del editor, distribuidor, etc. La Esfera de los Libros,
Fecha de publicación, distribución, etc. 2002.
300 ## - DESCRIPCIÓN FÍSICA
Extensión 282 p., [48] p. de lám. ;
Dimensiones 25 cm.
490 1# - MENCIÓN DE SERIE
Mención de serie La Esfera historia
504 ## - NOTA DE BIBLIOGRAFÍA, ETC.
Nota de bibliografía, etc. Bibliografía: p. [277]-282.
600 14 - PUNTO DE ACCESO ADICIONAL DE MATERIA--NOMBRE DE PERSONA
Nombre de persona Borbón Ruiz, Leandro de,
Fechas asociadas al nombre 1929-2016
9 (RLIN) 165952
700 1# - ENTRADA AGREGADA--NOMBRE PERSONAL
Nombre de persona Solé Mariño, José María,
Fechas asociadas al nombre 1951-
9 (RLIN) 165953
700 1# - ENTRADA AGREGADA--NOMBRE PERSONAL
Nombre de persona Peñafiel, Jaime,
Fechas asociadas al nombre 1932-
9 (RLIN) 165954
830 0# - PUNTO DE ACCESO ADICIONAL DE SERIE-TÍTULO UNIFORME
Título uniforme La Esfera historia
9 (RLIN) 183046
852 ## - LOCALIZACIÓN
Ubicación ES-MaACL
Número de control de estantería A-14294
itemnumber 195755
Sublocalización o colección R.151579
Ubicación en estantería Depósito 1
Signatura antigua Olim: N-7294
942 ## - ELEMENTOS DE ENTRADA SECUNDARIOS (KOHA)
Fuente del sistema de clasificación o colocación Clasificación decimal universal
Tipo de ítem Koha Libro impreso
Holdings
Estatus retirado Estado de pérdida Fuente del sistema de clasificación o colocación Estado de daño No para préstamo Biblioteca de origen Biblioteca actual Ubicación en estantería Fecha de adquisición Fuente de adquisición Total de préstamos Signatura topográfica completa Código de barras Visto por última vez Precio de reemplazo Tipo de ítem Koha
    Clasificación decimal universal     Biblioteca del Ateneo de Madrid Biblioteca del Ateneo de Madrid Depósito 1 14/01/2019 Donación   A-14294 1199614 23/02/2023 23/02/2023 Libro impreso